<?xml version="1.0" encoding="UTF-8"?><?xml-stylesheet type="text/xsl" href="static/style.xsl"?><OAI-PMH xmlns="http://www.openarchives.org/OAI/2.0/" xmlns:xsi="http://www.w3.org/2001/XMLSchema-instance" xsi:schemaLocation="http://www.openarchives.org/OAI/2.0/ http://www.openarchives.org/OAI/2.0/OAI-PMH.xsd"><responseDate>2026-04-14T08:50:29Z</responseDate><request verb="GetRecord" identifier="oai:www.recercat.cat:20.500.12327/4684" metadataPrefix="marc">https://recercat.cat/oai/request</request><GetRecord><record><header><identifier>oai:recercat.cat:20.500.12327/4684</identifier><datestamp>2025-10-22T11:29:56Z</datestamp><setSpec>com_2072_4428</setSpec><setSpec>com_2072_4427</setSpec><setSpec>col_2072_487898</setSpec></header><metadata><record xmlns="http://www.loc.gov/MARC21/slim" xmlns:dcterms="http://purl.org/dc/terms/" xmlns:xsi="http://www.w3.org/2001/XMLSchema-instance" xmlns:doc="http://www.lyncode.com/xoai" xsi:schemaLocation="http://www.loc.gov/MARC21/slim http://www.loc.gov/standards/marcxml/schema/MARC21slim.xsd">
   <leader>00925njm 22002777a 4500</leader>
   <datafield ind2=" " ind1=" " tag="042">
      <subfield code="a">dc</subfield>
   </datafield>
   <datafield ind2=" " ind1=" " tag="720">
      <subfield code="a">Angen, Øystein</subfield>
      <subfield code="e">author</subfield>
   </datafield>
   <datafield ind2=" " ind1=" " tag="720">
      <subfield code="a">Karstensen, Kasper Thystrup</subfield>
      <subfield code="e">author</subfield>
   </datafield>
   <datafield ind2=" " ind1=" " tag="720">
      <subfield code="a">Vilaró, Anna</subfield>
      <subfield code="e">author</subfield>
   </datafield>
   <datafield ind2=" " ind1=" " tag="720">
      <subfield code="a">Cavaco, Lina Maria</subfield>
      <subfield code="e">author</subfield>
   </datafield>
   <datafield ind2=" " ind1=" " tag="720">
      <subfield code="a">Langford, Paul R</subfield>
      <subfield code="e">author</subfield>
   </datafield>
   <datafield ind2=" " ind1=" " tag="720">
      <subfield code="a">Sauce, Lorenzo Jose Fraile</subfield>
      <subfield code="e">author</subfield>
   </datafield>
   <datafield ind2=" " ind1=" " tag="720">
      <subfield code="a">Migura, Lourdes</subfield>
      <subfield code="e">author</subfield>
   </datafield>
   <datafield ind2=" " ind1=" " tag="720">
      <subfield code="a">Salomonsen, Charlotte Mark</subfield>
      <subfield code="e">author</subfield>
   </datafield>
   <datafield ind2=" " ind1=" " tag="720">
      <subfield code="a">Li, Yanwen</subfield>
      <subfield code="e">author</subfield>
   </datafield>
   <datafield ind2=" " ind1=" " tag="720">
      <subfield code="a">Bossé, Janine T</subfield>
      <subfield code="e">author</subfield>
   </datafield>
   <datafield ind2=" " ind1=" " tag="260">
      <subfield code="c">2025-07-15</subfield>
   </datafield>
   <datafield ind2=" " ind1=" " tag="520">
      <subfield code="a">Serovar detector is a new bioinformatic tool for determining the serovar of Actinobacillus pleuropneumoniae using whole genome sequencing. The composition of cps genes of isolates is compared to those of the serovar reference strains, and the outcome is determined both by the number of common genes and the similarities between the homologous genes. The validation of the bioinformatic tool utilized a broad collection of 732 isolates, including representatives from all described serovars. The isolates included had been characterized by conventional serotyping, PCR tests or different bioinformatic tools. The collection also includes isolates that have been difficult to allocate to a serovar using serology to test the performance of the Serovar detector when potential new varieties or combinations of cps genes are present. Out of the 732 isolates included in the investigation, only 36 isolates (4.9%) could not be allocated to the 19 recognized serovars. The validation showed that the Serovar detector is a robust method for determining the serovar of an isolate and a valuable tool for further characterization of the genetic heterogeneity both within serovars and within the A. pleuropneumoniae species.</subfield>
   </datafield>
   <datafield ind1="8" ind2=" " tag="024">
      <subfield code="a">Angen, Øystein, Kasper Thystrup Karstensen, Anna Vilaró, Lina Maria Cavaco, Paul R. Langford, Lorenzo Jose Fraile Sauce, Lourdes Migura-Garcia, Charlotte Mark Salomonsen, Yanwen Li, and Janine T. Bossé. 2025. “Serotyping of Actinobacillus Pleuropneumoniae Based on Whole Genome Sequencing: Validation of a Bioinformatic Tool.” Microbial Genomics 11 (7). https://doi.org/10.1099/mgen.0.001434.</subfield>
   </datafield>
   <datafield ind1="8" ind2=" " tag="024">
      <subfield code="a">2057-5858</subfield>
   </datafield>
   <datafield ind1="8" ind2=" " tag="024">
      <subfield code="a">http://hdl.handle.net/20.500.12327/4684</subfield>
   </datafield>
   <datafield ind1="8" ind2=" " tag="024">
      <subfield code="a">https://doi.org/10.1099/mgen.0.001434</subfield>
   </datafield>
   <datafield ind2="0" ind1="0" tag="245">
      <subfield code="a">Serotyping of Actinobacillus pleuropneumoniae based on whole genome sequencing: validation of a bioinformatic tool</subfield>
   </datafield>
</record></metadata></record></GetRecord></OAI-PMH>